[Event "Bosnjaci op 28th"]
[Site "Bosnjaci"]
[Date "2024.01.05"]
[Round "4"]
[White "Caric, Mato"]
[Black "Culum, Sanjin"]
[Result "0-1"]
[WhiteElo "2061"]
[BlackElo "2349"]
[PlyCount "68"]
[EventDate "2024.01.03"]
[EventType "swiss"]
[EventRounds "9"]
[EventCountry "CRO"]
[SourceTitle "CB02_2024"]
[SourceDate "2024.01.10"]
[SourceVersion "1"]
[SourceVersionDate "2024.01.10"]
[SourceQuality "1"]

1. e4 c5 2. Nf3 d6 3. d4 cxd4 4. Nxd4 Nf6 5. Nc3 a6 6. f3 e5 7. Nb3 Be7 8. Be3 Be6 9. Qd2 h5 10. 0-0-0 Nbd7 11. Qf2 Rc8 12. h3 b5 13. Bd3 h4 14. f4 Qc7 15. f5 Bc4 16. Kb1 b4 17. Ne2 a5 18. Rc1 a4 19. Nd2 d5 20. exd5 Bxd5 21. b3 Ra8 22. Bb5 Bc6 23. Bxc6 Qxc6 24. Nc4 Qa6 25. a3 bxa3 26. Nc3 a2+ 27. Ka1 axb3 28. cxb3 Qb7 29. Qc2 0-0 30. Rhd1 Nc5 31. Bxc5 Bxc5 32. Nxa2 Bd4+ 33. Kb1 Nd5 34. Re1 Nb4 0-1

[Event "Bosnjaci op 26th"]
[Site "Bosnjaci"]
[Date "2022.01.08"]
[Round "8"]
[White "Nemec, Vjekoslav"]
[Black "Caric, Mato"]
[Result "1-0"]
[WhiteElo "2194"]
[BlackElo "2029"]
[PlyCount "57"]
[EventDate "2022.01.03"]
[EventType "swiss"]
[EventRounds "9"]
[EventCountry "CRO"]
[SourceTitle "EXT 2023"]
[Source "ChessBase"]
[SourceDate "2022.10.05"]
[SourceVersion "1"]
[SourceVersionDate "2022.10.05"]
[SourceQuality "1"]

1. e4 c5 2. Nf3 d6 3. d4 cxd4 4. Nxd4 Nf6 5. f3 a6 6. c4 e6 7. Nc3 Be7 8. Be3 Nc6 9. Qd2 0-0 10. Be2 Qc7 11. 0-0 Bd7 12. Rac1 Nxd4 13. Bxd4 Qa5 14. Rfd1 Rfd8 15. b4 Qh5 16. a4 d5 17. e5 Ne8 18. c5 Rdc8 19. Qe3 f6 20. f4 Qh6 21. Bf3 Kh8 22. f5 Qxe3+ 23. Bxe3 fxe5 24. fxe6 Bxe6 25. Nxd5 Bd8 26. Nb6 Bxb6 27. cxb6 Rxc1 28. Rxc1 Rb8 29. Rc5 1-0

[Event "Bosnjaci op 25th"]
[Site "Bosnjaci"]
[Date "2020.01.04"]
[Round "2"]
[White "Caric, Mato"]
[Black "Zovko, Mario"]
[Result "0-1"]
[WhiteElo "2055"]
[BlackElo "2330"]
[PlyCount "96"]
[EventDate "2020.01.03"]
[EventType "swiss"]
[EventRounds "9"]
[EventCountry "CRO"]
[SourceTitle "CBM 194 Extra"]
[Source "ChessBase"]
[SourceDate "2020.03.31"]
[SourceVersion "1"]
[SourceVersionDate "2020.03.31"]
[SourceQuality "1"]

1. e4 c6 2. d4 d5 3. Nc3 dxe4 4. Nxe4 Bf5 5. Ng3 Bg6 6. Nf3 Nd7 7. Bd3 Bxd3 8. Qxd3 e6 9. 0-0 Qc7 10. c4 Ngf6 11. Bg5 Be7 12. Rfe1 0-0 13. Rad1 Rfe8 14. Bxf6 Nxf6 15. Qb3 Rad8 16. Ne4 Nxe4 17. Rxe4 Bf6 18. Re2 a6 19. Qc2 g6 20. g3 Rd7 21. Ne5 Bxe5 22. dxe5 Red8 23. Rxd7 Rxd7 24. b3 Qd8 25. Kg2 Rd4 26. Qc3 Rd3 27. Qc2 Qd4 28. h3 c5 29. Qc1 b5 30. Qf4 Qxf4 31. gxf4 bxc4 32. bxc4 Rd4 33. Kf3 Rxc4 34. Re3 Ra4 35. a3 Kg7 36. Rc3 Ra5 37. Ke4 Rb5 38. Kd3 Kf8 39. Kc4 Ke7 40. Rd3 Rb2 41. Kxc5 Rxf2 42. Rd4 Rf3 43. a4 Rxh3 44. Kb6 Rb3+ 45. Kxa6 h5 46. a5 h4 47. Ka7 h3 48. Rd2 f6 0-1

[Event "Bosnjaci op 24th"]
[Site "Bosnjaci"]
[Date "2019.01.07"]
[Round "7"]
[White "Caric, Mato"]
[Black "Zufic, Miroslav"]
[Result "0-1"]
[WhiteElo "2088"]
[BlackElo "2389"]
[PlyCount "94"]
[EventDate "2019.01.03"]
[EventType "swiss"]
[EventRounds "9"]
[EventCountry "CRO"]
[SourceTitle "CBM 188 Extra"]
[Source "ChessBase"]
[SourceDate "2019.02.26"]
[SourceVersion "1"]
[SourceVersionDate "2019.02.26"]
[SourceQuality "1"]

1. e4 c5 2. Nf3 d6 3. d4 cxd4 4. Nxd4 Nf6 5. Nc3 a6 6. f3 e5 7. Nb3 Be6 8. Be3 h5 9. Qd2 Nbd7 10. 0-0-0 Rc8 11. Kb1 Be7 12. h3 b5 13. Qf2 h4 14. Bd3 Qc7 15. f4 b4 16. Ne2 Bc4 17. g4 d5 18. g5 Nxe4 19. Bxe4 dxe4 20. f5 a5 21. Rd2 a4 22. Nbc1 b3 23. cxb3 axb3 24. axb3 Bb5 25. Nc3 Qb7 26. Nxb5 Qxb5 27. Qe2 Qa5 28. Rc2 0-0 29. Rxc8 Rxc8 30. Rd1 Qc7 31. Na2 Qb7 32. Nc3 Nc5 33. Bxc5 Bxc5 34. Nxe4 Be7 35. f6 Bf8 36. fxg7 Kxg7 37. Nc3 Qxb3 38. Qxe5+ Kg8 39. Rc1 Bg7 40. Qd5 Qb6 41. Kc2 Rb8 42. b3 Rd8 43. Qf3 Rc8 44. Kb2 Qd4 45. Rc2 Rxc3 46. Rxc3 Qd2+ 47. Ka3 Bxc3 0-1

[Event "Bosnjaci op 23rd"]
[Site "Bosnjaci"]
[Date "2018.01.04"]
[Round "3"]
[White "Caric, Mato"]
[Black "Luketic, Ivan"]
[Result "1-0"]
[WhiteElo "2075"]
[BlackElo "1820"]
[PlyCount "93"]
[EventDate "2018.01.03"]
[EventType "swiss"]
[EventRounds "9"]
[EventCountry "CRO"]
[SourceTitle "CBM 182 Extra"]
[Source "ChessBase"]
[SourceDate "2018.02.23"]
[SourceVersion "1"]
[SourceVersionDate "2018.02.23"]
[SourceQuality "1"]

1. e4 c5 2. Nf3 d6 3. d4 Nf6 4. Nc3 b6 5. dxc5 bxc5 6. e5 Nfd7 7. exd6 exd6 8. Bb5 a6 9. Ba4 Bb7 10. 0-0 Be7 11. Bf4 0-0 12. Nd5 Bxd5 13. Qxd5 Nb6 14. Qb7 Bf6 15. Rad1 Nxa4 16. Qxa8 Nxb2 17. Rxd6 Qc8 18. Rb1 Qf5 19. g3 Qxc2 20. Rc1 Qa4 21. Qd5 c4 22. Rb6 Nd3 23. Qxc4 Qxc4 24. Rxc4 Nd7 25. Rxa6 Nxf4 26. Rxf4 Nc5 27. Ra7 h6 28. Rc4 Ne6 29. a4 Rd8 30. Rc2 Bd4 31. Nxd4 Nxd4 32. Rcc7 Rf8 33. Rd7 Nf3+ 34. Kg2 Ne5 35. Rd5 Re8 36. a5 Nc6 37. Rc7 Nxa5 38. Rxa5 g6 39. Raa7 Rf8 40. h4 Kg7 41. g4 Kg8 42. Kg3 Kg7 43. Kf4 Kg8 44. h5 Kg7 45. Rab7 Kg8 46. hxg6 fxg6+ 47. Kg3 1-0

[Event "Bosnjaci op 16th"]
[Site "Bosnjaci"]
[Date "2011.01.03"]
[Round "1"]
[White "Caric, Mato"]
[Black "Markus, Robert"]
[Result "0-1"]
[WhiteElo "2015"]
[BlackElo "2617"]
[PlyCount "68"]
[EventDate "2011.01.03"]
[EventType "swiss"]
[EventRounds "9"]
[EventCountry "CRO"]
[SourceTitle "CBM 140 Extra"]
[Source "ChessBase"]
[SourceDate "2011.03.01"]
[SourceVersion "1"]
[SourceVersionDate "2011.03.01"]
[SourceQuality "1"]

1. e4 c5 2. Nf3 e6 3. d4 cxd4 4. Nxd4 a6 5. Nc3 b5 6. Bd3 Bb7 7. 0-0 Nc6 8. Nxc6 Bxc6 9. Be3 Qc7 10. a3 Nf6 11. Qe2 Be7 12. f4 d6 13. f5 0-0 14. h3 Rae8 15. Rae1 Bd8 16. Qf2 Qb7 17. Qg3 Bb6 18. Bxb6 Qxb6+ 19. Kh1 b4 20. Na2 bxa3 21. bxa3 exf5 22. exf5 a5 23. Nc1 h6 24. Nb3 Bd5 25. Nd2 Qc5 26. Rxe8 Rxe8 27. a4 Re3 28. Qh4 Qc6 29. Rf2 Re1+ 30. Kh2 Ra1 31. Bb5 Qxc2 32. Nc4 Qc1 33. Re2 Qg1+ 34. Kg3 Re1 0-1

[Event "Bosnjaci op 15th"]
[Site "Bosnjaci"]
[Date "2010.01.04"]
[Round "2"]
[White "Matanovic, Damir"]
[Black "Caric, Mato"]
[Result "1-0"]
[WhiteElo "1447"]
[BlackElo "1990"]
[PlyCount "83"]
[EventDate "2010.01.03"]
[EventType "swiss"]
[EventRounds "9"]
[EventCountry "CRO"]
[SourceTitle "CBM 134 Extra"]
[Source "ChessBase"]
[SourceDate "2010.03.03"]
[SourceVersion "1"]
[SourceVersionDate "2010.03.03"]
[SourceQuality "1"]

1. d4 d5 2. c4 e6 3. Nc3 c5 4. cxd5 exd5 5. Nf3 Nc6 6. e3 Nf6 7. Be2 Bd6 8. 0-0 0-0 9. dxc5 Bxc5 10. Na4 Be7 11. b3 Ne4 12. Bb2 Be6 13. Rc1 Rc8 14. Nd4 Bf6 15. Nxc6 bxc6 16. Bxf6 Qxf6 17. Nc5 Bf5 18. g4 Nxc5 19. gxf5 Ne4 20. Bg4 Rfe8 21. Kh1 Rc7 22. Rc2 Nd6 23. Qf3 Re5 24. Rfc1 Nxf5 25. Qf4 g5 26. Qf3 Kg7 27. Rg1 h6 28. h3 Ne7 29. Qg3 Ng6 30. Rf1 Ree7 31. f4 Qd6 32. Kh2 f6 33. Bh5 Nh4 34. Bg4 Ng6 35. Rg2 Re8 36. Bh5 Re4 37. Bxg6 Ree7 38. Bc2 Qc5 39. fxg5 hxg5 40. Rxf6 Kxf6 41. Qxg5+ Ke6 42. Qf5+ 1-0

[Event "Bosnjaci op 14th"]
[Site "Bosnjaci"]
[Date "2009.01.09"]
[Round "9"]
[White "Djermic, Ivan"]
[Black "Caric, Mato"]
[Result "1-0"]
[WhiteElo "2059"]
[BlackElo "1963"]
[PlyCount "69"]
[EventDate "2009.01.03"]
[EventType "swiss"]
[EventRounds "9"]
[EventCountry "CRO"]
[SourceTitle "CBM 128 Extra"]
[Source "ChessBase"]
[SourceDate "2009.03.05"]
[SourceVersion "2"]
[SourceVersionDate "2009.03.25"]
[SourceQuality "1"]

1. e4 c5 2. f4 d6 3. Nf3 Nc6 4. c3 Bd7 5. d3 e6 6. Be2 Nf6 7. 0-0 Be7 8. h3 Qc7 9. a4 h6 10. Bd2 0-0-0 11. b4 cxb4 12. cxb4 Nxb4 13. Na3 Kb8 14. Qb3 Qb6+ 15. Kh2 d5 16. e5 Ne8 17. a5 Qxa5 18. Nc2 Qb5 19. Bxb4 Bxb4 20. Qxb4 Rc8 21. Qd2 Qb2 22. Nfd4 Qc3 23. Qe3 a6 24. Rfb1 Ka8 25. Ra3 Qc5 26. Rab3 b5 27. Qd2 Kb7 28. R3b2 Nc7 29. Nb3 Qb6 30. d4 Bc6 31. Nb4 Ra8 32. Rc2 Be8 33. Rbc1 Rc8 34. Nc5+ Ka7 35. Ncxa6 1-0

[Event "Bosnjaci op 13th"]
[Site "Bosnjaci"]
[Date "2008.01.09"]
[Round "9"]
[White "Caric, Mato"]
[Black "Stocko, Josip"]
[Result "0-1"]
[WhiteElo "1976"]
[BlackElo "2016"]
[PlyCount "60"]
[EventDate "2008.01.03"]
[EventType "swiss"]
[EventRounds "9"]
[EventCountry "CRO"]
[SourceTitle "CBM 122 Extra"]
[Source "ChessBase"]
[SourceDate "2008.03.04"]
[SourceVersion "1"]
[SourceVersionDate "2008.03.04"]
[SourceQuality "1"]

1. e4 c5 2. Nf3 e6 3. d4 cxd4 4. Nxd4 Nf6 5. Nc3 d6 6. Be3 Nc6 7. f3 a6 8. Qd2 Be7 9. g4 Qc7 10. h4 b5 11. a3 Bb7 12. 0-0-0 Nd7 13. g5 Nde5 14. f4 Nc4 15. Ndxb5 axb5 16. Nxb5 Nxd2 17. Nxc7+ Kd8 18. Bb6 Nxf1 19. Rhxf1 Kd7 20. Nxa8 Rxa8 21. f5 Ne5 22. Bd4 Nc4 23. fxe6+ fxe6 24. Rde1 e5 25. Bc3 Ke6 26. Bb4 Bc6 27. Rf3 h6 28. Rc3 Bb5 29. a4 Rxa4 30. b3 Ra1# 0-1